| 000 | 00578nam a2200205 a 4500 | ||
|---|---|---|---|
| 005 | 20210219152849.0 | ||
| 008 | 991125n 000 0 spa u | ||
| 035 | _aUPN01000064008 | ||
| 100 | _aBARRIENTOS RODRIGUEZ, Alonso | ||
| 222 | _aCONESCAL : REVISTA ESPECIALIZADA EN CONSTRUCCIONES ESCOLARES | ||
| 245 | _aAnálisis de costos de construcción | ||
| 300 | _a23-43 | ||
| 362 | _a1976 41 (sep.) | ||
| 653 | 0 | _aANALISIS DE COSTOS | |
| 653 | 0 | _aCONSTRUCCION | |
| 653 | 0 | _aCONSTRUCCIONES ESCOLARES | |
| 904 |
_aAC _b001819 |
||
| 905 | _aArticulo | ||
| 905 | _aArticulo | ||
| 999 |
_c62365 _d62365 |
||